• 首页
  • 本馆介绍
  • 公告通知
  • 最新文献
  • 馆藏检索
  • 电子资源
  • 读者荐购
  • 参考咨询
  • CALIS
  • 我的图书馆
  • 登录
  • 详细信息显示
  • 放入我的书架
  • 预约/预借图书
  • 作者相关作品
  • 分类相关作品
  • 丛书相关作品
  • 出版社相关作品

书目信息

  • 表格格式
  • 工作单格式
  • 卡片格式
题名:
江南园林漫步
    
 
作者: 张家伟 著
分册:  
出版信息: 上海   上海书店出版社  1999.09
页数: 227页
开本: 32开
丛书名:
单 册:
中图分类: K982.73
科图分类:
主题词: 地理
电子资源:
ISBN: 7-80622-569-2
 
 
 
 
 
000 00538nam0 2200193 45
001 0011171084
005 20001117104641.5
010    @a7-80622-569-2@d11.80元
100    @a20001117d1999 km y0chiy0120 ea
101 0  @achi
105    @a z 000yy
200 1  @a江南园林漫步@AJiang Nan Yuan Lin Man Bu@f张家伟著@FZhang Jia Wei Zhu
210    @a上海@c上海书店出版社@d1999.09
215    @a227页@d32开
606 0  @a地理
690    @aK982.73@v3
701  0 @a张家伟@4著
801    @aCN@bPftUser@c20001117
905    @b411116-120@dK982.73@eZH863@f5
    
    江南园林漫步/张家伟著.-上海:上海书店出版社,1999.09
    227页;32开
    
    
    ISBN 7-80622-569-2:11.80元
    
●
相关链接 在E读中查询图书 在当当中查询图书 在豆瓣中查询图书


正题名:江南园林漫步     索取号:K982.73/ZH863         预约/预借

序号 登录号 条形码 馆藏地/架位号 状态 备注
1 411116   204111166   社科库309/309社科库 30排2列3层/ [索取号:K982.73/ZH863] 在馆    
2 411117   204111175   自科二线404/309社科库 30排2列3层/ [索取号:K982.73/ZH863] 在馆    
3 411118   204111184   自科二线404/400A自科库 54排1列3层/ [索取号:K982.73/ZH863] 在馆    
4 411119   204111193   自科二线404/400A自科库 54排1列4层/ [索取号:K982.73/ZH863] 在馆    
5 411120   204111200   社科库309/309社科库 30排3列4层/ [索取号:K982.73/ZH863] 在馆    
河南城建学院图书馆 欢迎您!
大连网信软件有限公司© 版权所有